[Event "BL 1617 OSG Baden Baden - Schwäbisch H"]
[Site "?"]
[Date "2016.11.19"]
[Round "3.2"]
[White "Wojtaszek, Radoslaw"]
[Black "Jakovenko, Dmitry"]
[Result "1/2-1/2"]
[WhiteElo "2744"]
[BlackElo "2709"]
[PlyCount "65"]
[EventDate "2016.??.??"]

1. d4 Nf6 2. c4 e6 3. Nf3 d5 4. g3 Be7 5. Bg2 O-O 6. O-O dxc4 7. Ne5 Nc6 8.
Nxc6 bxc6 9. Na3 Bxa3 10. bxa3 Ba6 11. Qd2 Rb8 12. Qa5 Rb6 13. a4 Qd6 14. Qc3
Rd8 15. Ba3 Qxd4 16. Qxd4 Rxd4 17. Bc5 Rd5 18. Bxd5 cxd5 19. Bxb6 axb6 20. Rab1
Kf8 21. a5 b5 22. a4 c6 23. axb5 cxb5 24. Rxb5 Bxb5 25. Rb1 Bd7 26. a6 Ne8 27.
a7 Bc6 28. Rb6 Ba8 29. Rb8 Bc6 30. Rc8 Bb7 31. Rb8 Bc6 32. Rc8 Bb7 33. Rb8
1/2-1/2

[Event "BL 1617 OSG Baden Baden - Schwäbisch H"]
[Site "?"]
[Date "2016.11.19"]
[Round "3.4"]
[White "Vallejo Pons, Francisco"]
[Black "Postny, Evgeny"]
[Result "1/2-1/2"]
[WhiteElo "2716"]
[BlackElo "2616"]
[PlyCount "49"]
[EventDate "2016.??.??"]

1. d4 d5 2. c4 c6 3. Nc3 Nf6 4. e3 g6 5. Nf3 Bg7 6. Be2 O-O 7. O-O Bg4 8. cxd5
cxd5 9. Qb3 b6 10. h3 Bxf3 11. Bxf3 e6 12. Qa4 Qd7 13. Bd2 a6 14. Qxd7 Nbxd7
15. a4 Rfc8 16. a5 Rab8 17. axb6 Nxb6 18. b3 Nbd7 19. Rfb1 Bf8 20. Rxa6 Bb4 21.
Rc1 Bxc3 22. Rxc3 Rxc3 23. Bxc3 Rxb3 24. Rc6 Rb1+ 25. Kh2 1/2-1/2

[Event "BL 1617 OSG Baden Baden - Schwäbisch H"]
[Site "?"]
[Date "2016.11.19"]
[Round "3.5"]
[White "Cornette, Matthieu"]
[Black "Kasimdzhanov, Rustam"]
[Result "0-1"]
[WhiteElo "2599"]
[BlackElo "2691"]
[PlyCount "98"]
[EventDate "2016.??.??"]

1. e4 c6 2. d4 d5 3. exd5 cxd5 4. Bd3 Nc6 5. c3 Nf6 6. Bf4 Bg4 7. Qb3 Qd7 8.
Nd2 e6 9. Ngf3 Bxf3 10. Nxf3 Bd6 11. Bg3 Qc7 12. Qc2 Bxg3 13. hxg3 O-O-O 14.
O-O-O h6 15. Kb1 Kb8 16. Rde1 Rc8 17. Qe2 Rhd8 18. Rh4 Rd6 19. Ne5 Na5 20. Rf4
Rb6 21. Rc1 Qe7 22. g4 Rc7 23. Rc2 a6 24. Qf3 Ka7 25. Kc1 Nc6 26. Kb1 Ka8 27.
Ka1 Nd8 28. Qe2 Nc6 29. Qf3 Kb8 30. Qe3 Nd8 31. Qe2 Ne8 32. c4 dxc4 33. Nxc4
Rb5 34. Ne3 Rg5 35. Re4 Nf6 36. Rf4 Nc6 37. Qd2 Qd6 38. Nc4 Qd8 39. Ne3 Rd7 40.
Rxc6 bxc6 41. Bxa6 e5 42. Qb4+ Ka7 43. Rxf6 gxf6 44. d5 Qb6 45. Qxb6+ Kxb6 46.
dxc6 Kxc6 47. a4 e4 48. Bc4 Kc5 49. Ka2 Kb4 0-1

[Event "BL 1617 OSG Baden Baden - Schwäbisch H"]
[Site "?"]
[Date "2016.11.19"]
[Round "3.6"]
[White "Bacrot, Etienne"]
[Black "Le Roux, Jean-Pierre"]
[Result "1-0"]
[WhiteElo "2691"]
[BlackElo "2549"]
[PlyCount "106"]
[EventDate "2016.??.??"]

1. e4 c6 2. Nf3 d5 3. Nc3 Bg4 4. d4 e6 5. Bd3 Nf6 6. h3 Bh5 7. e5 Nfd7 8. g4
Bg6 9. Bxg6 hxg6 10. Ne2 Be7 11. Kf1 Na6 12. c3 c5 13. a3 Qc7 14. Kg2 O-O-O 15.
b4 c4 16. b5 Nab8 17. a4 Qa5 18. Qc2 Rde8 19. Be3 Nf8 20. Nf4 Nbd7 21. h4 Qd8
22. a5 Rh7 23. a6 b6 24. g5 Nb8 25. Rh3 Rh8 26. Rah1 Qd7 27. Qb1 Rg8 28. Bc1
Rd8 29. h5 gxh5 30. Rxh5 f6 31. g6 Qc7 32. exf6 gxf6 33. Rh8 Rg7 34. Rxf8 Bxf8
35. Nxe6 Qd7 36. Nxg7 Qg4+ 37. Kf1 Bxg7 38. Ke2 Nd7 39. Be3 Nf8 40. Rg1 Qd7 41.
Nh4 Ne6 42. Nf5 Rh8 43. Kf1 Bf8 44. Qd1 Ng7 45. Nxg7 Bxg7 46. Qg4 f5 47. Qf3
Qxb5 48. Qxf5+ Qd7 49. Rg5 Rd8 50. Qxd7+ Rxd7 51. f4 Kd8 52. Rh5 Ke7 53. f5 Kf8
1-0

[Event "BL 1617 OSG Baden Baden - Schwäbisch H"]
[Site "?"]
[Date "2016.11.19"]
[Round "3.7"]
[White "Raykhman, Alexander"]
[Black "Shirov, Alexei"]
[Result "0-1"]
[WhiteElo "2412"]
[BlackElo "2677"]
[PlyCount "94"]
[EventDate "2016.??.??"]

1. d4 d5 2. c4 c6 3. Nf3 Nf6 4. cxd5 cxd5 5. Nc3 Nc6 6. Bf4 a6 7. Rc1 Bf5 8. e3
Rc8 9. Be2 e6 10. O-O Nd7 11. Nd2 Be7 12. a3 O-O 13. b4 a5 14. b5 Nxd4 15. exd4
Bxa3 16. Qa4 Bb2 17. Qb3 Bxc1 18. Rxc1 Qe7 19. Re1 Nb6 20. Bf3 a4 21. Qb2 a3
22. Qb3 Ra8 23. Nf1 Rfc8 24. Ne3 Be4 25. Nxe4 dxe4 26. Bxe4 a2 27. Ra1 Ra3 28.
Qd1 Na4 29. Qh5 g6 30. Qe5 f6 31. Qd6 Kf7 32. h4 Nc3 33. Bxb7 Rd8 34. Qxe7+
Kxe7 35. Nc2 Rb3 36. Bd2 Rb1+ 37. Kh2 Rxa1 38. Nxa1 Nxb5 39. Bb4+ Kf7 40. d5
exd5 41. Ba5 Rd6 42. Bb4 Rd7 43. Bc6 Rc7 44. Bxd5+ Kg7 45. Bxa2 Ra7 46. Bc4
Rxa1 47. Bxb5 Rb1 0-1

[Event "BL 1617 OSG Baden Baden - Schwäbisch H"]
[Site "?"]
[Date "2016.11.19"]
[Round "3.8"]
[White "Naiditsch, Arkadij"]
[Black "Zpevak, Pavel"]
[Result "1-0"]
[WhiteElo "2686"]
[BlackElo "2349"]
[PlyCount "115"]
[EventDate "2016.??.??"]

1. e4 c5 2. Nf3 e6 3. d4 cxd4 4. Nxd4 Nc6 5. Nb5 d6 6. c4 Nf6 7. N1c3 a6 8. Na3
Be7 9. Be2 O-O 10. O-O b6 11. Be3 Bb7 12. Qb3 Nd7 13. Rad1 Nc5 14. Qc2 Bf6 15.
Nab1 Qc7 16. a3 Rac8 17. Rd2 Nd7 18. Rc1 Qb8 19. Qd1 Be7 20. f4 Na5 21. b3 Qa8
22. Bf2 g6 23. Bf1 Bxe4 24. Nxe4 Qxe4 25. b4 Nb7 26. g3 Qc6 27. Nc3 Qc7 28. Qa4
Nb8 29. Rdc2 Rcd8 30. Bg2 Bf6 31. Ne4 Bg7 32. g4 Rfe8 33. h3 Kh8 34. Kh1 Rc8
35. f5 Be5 36. fxe6 fxe6 37. Be3 Rf8 38. Qb3 Nd8 39. c5 bxc5 40. bxc5 d5 41.
Nd6 Ndc6 42. Nxc8 Qxc8 43. Rf2 Rxf2 44. Bxf2 Qf8 45. Rf1 Qc8 46. Rc1 Qf8 47.
Rf1 Qe7 48. Qb6 Kg7 49. Re1 Qf6 50. Bg1 g5 51. Rf1 Qe7 52. Bh2 Bxh2 53. Kxh2
Qd7 54. Kh1 Qe7 55. Rb1 Qf7 56. Qb2+ Qf6 57. Qb7+ Qf7 58. Qc8 1-0

[Event "BL 1617 SP Schwegenheim - USV TU Dresde"]
[Site "?"]
[Date "2016.11.19"]
[Round "3.1"]
[White "Eljanov, Pavel"]
[Black "Neiksans, Arturs"]
[Result "0-1"]
[WhiteElo "2757"]
[BlackElo "2629"]
[PlyCount "60"]
[EventDate "2016.??.??"]

1. e4 c5 2. Nf3 e6 3. d4 cxd4 4. Nxd4 Nc6 5. Nc3 Qc7 6. Qd3 Nxd4 7. Qxd4 a6 8.
Be3 b5 9. O-O-O Bb7 10. Kb1 Nf6 11. e5 Nd5 12. Nxd5 Bxd5 13. Qf4 Rc8 14. c3 Qb7
15. f3 Be7 16. Qg4 g6 17. Bd3 Qc7 18. h4 Qa5 19. a4 h5 20. Qd4 Bc5 21. Qf4 Bxe3
22. Qxe3 Qxa4 23. Qd4 Qa2+ 24. Kc1 O-O 25. g4 b4 26. Qxb4 Rb8 27. Qa3 Qxa3 28.
bxa3 Bxf3 29. gxh5 Bxh1 30. Rxh1 Rb3 0-1

[Event "BL 1617 SP Schwegenheim - USV TU Dresde"]
[Site "?"]
[Date "2016.11.19"]
[Round "3.2"]
[White "Kantans, Toms"]
[Black "Almasi, Zoltan"]
[Result "1-0"]
[WhiteElo "2469"]
[BlackElo "2702"]
[PlyCount "55"]
[EventDate "2016.??.??"]

1. e4 c5 2. Nf3 e6 3. d4 cxd4 4. Nxd4 a6 5. c4 Nf6 6. Nc3 Qc7 7. a3 b6 8. Be3
Bb7 9. f3 d6 10. Be2 Be7 11. O-O Nbd7 12. Qd2 Rc8 13. Rfc1 Qb8 14. a4 Bd8 15.
b4 O-O 16. Kh1 Bc7 17. Rab1 Rfe8 18. a5 bxa5 19. Na4 Nb6 20. Bd1 Nbd7 21. c5
axb4 22. c6 a5 23. Be2 Nb6 24. cxb7 Qxb7 25. Bb5 Rf8 26. Nc6 Nxa4 27. Ne7+ Kh8
28. Bc6 1-0

[Event "BL 1617 SP Schwegenheim - USV TU Dresde"]
[Site "?"]
[Date "2016.11.19"]
[Round "3.3"]
[White "Nisipeanu, Liviu-Dieter"]
[Black "Meskovs, Nikita"]
[Result "1/2-1/2"]
[WhiteElo "2675"]
[BlackElo "2489"]
[PlyCount "100"]
[EventDate "2016.??.??"]

1. d4 Nf6 2. c4 e6 3. Nc3 Bb4 4. e3 O-O 5. Nge2 Re8 6. a3 Bf8 7. e4 d5 8. Bg5
dxe4 9. Qc2 Be7 10. O-O-O Nbd7 11. Ng3 b6 12. Ngxe4 Bb7 13. Nxf6+ Nxf6 14. Bd3
h6 15. Bf4 Bd6 16. Qd2 Bxf4 17. Qxf4 Qd6 18. Qxd6 cxd6 19. f3 Red8 20. b4 Rac8
21. Kd2 Ba6 22. b5 Bb7 23. Na4 Rc7 24. Rc1 Rdc8 25. Rc2 Nd7 26. Rhc1 f5 27. d5
Kf7 28. dxe6+ Kxe6 29. g4 g6 30. gxf5+ gxf5 31. f4 Rg8 32. Re1+ Kf6 33. Kc3 Rg4
34. Rf2 Nf8 35. Be2 Rh4 36. Rd1 d5 37. Kb3 Ne6 38. cxd5 Nxf4 39. Bf3 Re7 40.
Bh1 Re3+ 41. Nc3 Rhh3 42. Rc2 Ne2 43. Rxe2 Rxc3+ 44. Kb2 Rb3+ 45. Kc1 Rxa3 46.
Red2 Rhc3+ 47. Kb1 Rab3+ 48. Ka2 Ra3+ 49. Kb1 Rab3+ 50. Ka2 Ra3+ 1/2-1/2

[Event "BL 1617 SP Schwegenheim - USV TU Dresde"]
[Site "?"]
[Date "2016.11.19"]
[Round "3.4"]
[White "Shytaj, Luca"]
[Black "Bartel, Mateusz"]
[Result "1-0"]
[WhiteElo "2439"]
[BlackElo "2646"]
[PlyCount "71"]
[EventDate "2016.??.??"]

1. e4 g6 2. d4 Bg7 3. Nc3 a6 4. a4 d6 5. Nf3 Nf6 6. Be2 O-O 7. O-O Nc6 8. h3 d5
9. exd5 Nb4 10. Bc4 Bf5 11. Bb3 Nbxd5 12. Ne2 Ne4 13. Re1 c6 14. a5 h6 15. Nf4
g5 16. Nh5 Bh8 17. h4 Ndf6 18. hxg5 Nxh5 19. g4 Qd7 20. gxh5 Nxg5 21. Nxg5 hxg5
22. c3 Bf6 23. Re3 Bg4 24. Qd3 Bxh5 25. Rg3 g4 26. Bh6 Bg7 27. Kg2 Qd6 28. Bxg7
Kxg7 29. Qf5 Qg6 30. Qe5+ Kh6 31. Rh1 f5 32. f3 Qg5 33. Bd1 Rf6 34. fxg4 fxg4
35. Bxg4 Qd2+ 36. Be2 1-0

[Event "BL 1617 SP Schwegenheim - USV TU Dresde"]
[Site "?"]
[Date "2016.11.19"]
[Round "3.5"]
[White "Gajewski, Grzegorz"]
[Black "Bratanov, Zsivko"]
[Result "1/2-1/2"]
[WhiteElo "2612"]
[BlackElo "2409"]
[PlyCount "77"]
[EventDate "2016.??.??"]

1. Nf3 Nf6 2. c4 c5 3. g3 b6 4. Bg2 Bb7 5. O-O Nc6 6. Nc3 g6 7. e4 Bg7 8. d4
cxd4 9. Nxd4 Nxd4 10. Qxd4 d6 11. Bg5 O-O 12. Qd2 a6 13. Rfe1 Rc8 14. Bxf6 exf6
15. Bf1 Re8 16. Rad1 f5 17. exf5 Rxe1 18. Rxe1 gxf5 19. b3 f4 20. Bg2 f3 21.
Bh3 Rc5 22. Qd3 b5 23. Bg4 bxc4 24. bxc4 Qf6 25. Re8+ Bf8 26. Re3 Bh6 27. Rxf3
Bxf3 28. Bxf3 Ra5 29. Nd5 Qb2 30. Ne7+ Kg7 31. Bd5 Rxa2 32. Qf3 Qf6 33. Nf5+
Kf8 34. Kg2 Rb2 35. g4 Bd2 36. Qa3 Be1 37. Qxa6 Rxf2+ 38. Kg1 Rxf5 39. Qc8+
1/2-1/2

[Event "BL 1617 SP Schwegenheim - USV TU Dresde"]
[Site "?"]
[Date "2016.11.19"]
[Round "3.6"]
[White "Commercon, Simon"]
[Black "Socko, Bartosz"]
[Result "0-1"]
[WhiteElo "2266"]
[BlackElo "2605"]
[PlyCount "82"]
[EventDate "2016.??.??"]

1. d4 Nf6 2. c4 e6 3. g3 Bb4+ 4. Bd2 Be7 5. Bg2 d5 6. Nf3 c6 7. Qc2 Nbd7 8. O-O
b6 9. cxd5 cxd5 10. Rc1 O-O 11. Bf4 Bb7 12. Nbd2 Rc8 13. Bc7 Qe8 14. Qb3 Nb8
15. Bf4 Nc6 16. Qd3 Nh5 17. a3 h6 18. Nf1 Nxf4 19. gxf4 Bd6 20. e3 Ne7 21. Ng3
Qa4 22. Bf1 Rfd8 23. Qb5 Qxb5 24. Bxb5 f6 25. Rxc8 Bxc8 26. Rc1 g5 27. fxg5
hxg5 28. Kg2 Kf7 29. Bd3 Rh8 30. Nf1 Bd7 31. Ng1 e5 32. h3 e4 33. Be2 Ng6 34.
Nd2 f5 35. Rc3 g4 36. hxg4 fxg4 37. Bd1 Rh2+ 38. Kf1 g3 39. Nxe4 dxe4 40. fxg3
Bxg3 41. Rc2 Bb5+ 0-1

[Event "BL 1617 SP Schwegenheim - USV TU Dresde"]
[Site "?"]
[Date "2016.11.19"]
[Round "3.7"]
[White "Maiwald, Jens-Uwe"]
[Black "Kraemer, Enrico"]
[Result "1/2-1/2"]
[WhiteElo "2448"]
[BlackElo "2209"]
[PlyCount "107"]
[EventDate "2016.??.??"]

1. Nf3 Nf6 2. d4 g6 3. Bg5 Bg7 4. Nbd2 d5 5. e3 O-O 6. Be2 c5 7. c3 Nc6 8. dxc5
h6 9. Bxf6 Bxf6 10. O-O a5 11. Qa4 Qc7 12. Rfd1 Rd8 13. Rac1 Bd7 14. Bb5 Nb8
15. c4 Bxb2 16. Rb1 Bf6 17. cxd5 Bxb5 18. Qxb5 Rxd5 19. Qxb7 Qxb7 20. Rxb7 Rxc5
21. Ne4 Rc8 22. Nxf6+ exf6 23. h4 h5 24. Rd6 Kg7 25. Nd4 Ra6 26. Ne6+ Kg8 27.
Rxb8 Rxb8 28. Rxa6 fxe6 29. Rxe6 Kf7 30. Ra6 Rb1+ 31. Kh2 Rb2 32. Rxa5 Rxf2 33.
Kg3 Rf1 34. a4 Ra1 35. Ra6 Ra3 36. Kf3 Ra2 37. Ra8 Ra3 38. a5 Ra2 39. a6 Kg7
40. g3 Ra4 41. Ke2 Ra3 42. Kd2 Kf7 43. e4 Kg7 44. Kc2 Rxg3 45. Rc8 Ra3 46. Rc7+
Kh6 47. Rc6 Kg7 48. Kb2 Ra4 49. Rc7+ Kh6 50. a7 g5 51. Kb3 Ra1 52. Kb2 Ra4 53.
Kb3 Ra1 54. Kb2 1/2-1/2

[Event "BL 1617 SP Schwegenheim - USV TU Dresde"]
[Site "?"]
[Date "2016.11.19"]
[Round "3.8"]
[White "Mager, Denis"]
[Black "Loxine, Jakov"]
[Result "1/2-1/2"]
[WhiteElo "2272"]
[BlackElo "2409"]
[PlyCount "82"]
[EventDate "2016.??.??"]

1. e4 c5 2. Nf3 Nc6 3. Bb5 e6 4. O-O Nge7 5. c3 a6 6. Ba4 b5 7. Bc2 Bb7 8. d4
cxd4 9. Nxd4 g6 10. Be3 Bg7 11. Nd2 Nxd4 12. Bxd4 e5 13. Be3 O-O 14. Nb3 d6 15.
a4 Qc7 16. axb5 axb5 17. Qe2 Bc6 18. Rfd1 Rfb8 19. f3 Nc8 20. Qf2 Bf8 21. Qf1
Nb6 22. Rxa8 Rxa8 23. Bd3 Na4 24. Rb1 Qb7 25. Na1 Nc5 26. Be2 Rb8 27. Nc2 d5
28. exd5 Bxd5 29. Nb4 Bb3 30. Qf2 Ne6 31. Bd1 Bxd1 32. Rxd1 Bxb4 33. cxb4 Rd8
34. Rxd8+ Nxd8 35. Qd2 Ne6 36. Bc5 Qc6 37. Qd3 Kg7 38. Qd2 Kg8 39. Qd3 h5 40.
g3 Kg7 41. Kg2 h4 1/2-1/2

[Event "BL 1617 SG Trier - SV Hockenheim"]
[Site "?"]
[Date "2016.11.19"]
[Round "3.1"]
[White "Buhmann, Rainer"]
[Black "Ivanchuk, Vassily"]
[Result "0-1"]
[WhiteElo "2625"]
[BlackElo "2733"]
[PlyCount "80"]
[EventDate "2016.??.??"]

1. d4 Nf6 2. c4 e6 3. Nf3 d5 4. Nc3 Nbd7 5. cxd5 exd5 6. Bg5 c6 7. Qc2 Be7 8.
e3 Nh5 9. Bxe7 Qxe7 10. O-O-O Nb6 11. Kb1 g6 12. Bd3 Bg4 13. Rc1 Bxf3 14. gxf3
Qh4 15. Ka1 f5 16. Rhg1 Nf6 17. f4 Kf7 18. Rg2 Rae8 19. Rcg1 Re7 20. Nb1 Ne4
21. Bxe4 dxe4 22. Nd2 Kg7 23. f3 Nd5 24. Qb3 b5 25. fxe4 fxe4 26. f5 Rf8 27.
fxg6 h5 28. a3 Rf2 29. Nb1 a5 30. Rxf2 Qxf2 31. Rc1 Qxe3 32. Qd1 Qf3 33. Qxf3
exf3 34. Rf1 Re2 35. Rxf3 Rxh2 36. Nc3 Kxg6 37. Nxd5 cxd5 38. Rb3 h4 39. Rxb5
h3 40. Rb8 Rd2 0-1

[Event "BL 1617 SG Trier - SV Hockenheim"]
[Site "?"]
[Date "2016.11.19"]
[Round "3.2"]
[White "Gledura, Benjamin"]
[Black "Saric, Ivan"]
[Result "1/2-1/2"]
[WhiteElo "2589"]
[BlackElo "2641"]
[PlyCount "79"]
[EventDate "2016.??.??"]

1. Nf3 Nf6 2. g3 g6 3. Bg2 Bg7 4. O-O c5 5. c4 O-O 6. Nc3 d5 7. cxd5 Nxd5 8.
Ng5 e6 9. Nge4 b6 10. d3 Nc6 11. Bg5 f6 12. Bd2 h6 13. Qa4 Nce7 14. Nxd5 exd5
15. Nc3 Bd7 16. Qb3 Be6 17. e4 Qd7 18. exd5 Bf7 19. Rfe1 Rad8 20. Qa3 Rfe8 21.
Re3 Nf5 22. Bh3 Qb7 23. Rxe8+ Bxe8 24. Bxf5 gxf5 25. Re1 Bf8 26. Qb3 b5 27. Bf4
b4 28. Nd1 Bf7 29. Ne3 Bxd5 30. Nxd5 Qxd5 31. Qxd5+ Rxd5 32. Re8 Kf7 33. Ra8
Rxd3 34. Rxa7+ Kg6 35. b3 Rc3 36. Rd7 h5 37. Rd5 c4 38. bxc4 Rxc4 39. Be3 Rc3
40. Kf1 1/2-1/2

[Event "BL 1617 SG Trier - SV Hockenheim"]
[Site "?"]
[Date "2016.11.19"]
[Round "3.3"]
[White "Balogh, Csaba"]
[Black "Bobras, Piotr"]
[Result "1/2-1/2"]
[WhiteElo "2621"]
[BlackElo "2523"]
[PlyCount "47"]
[EventDate "2016.??.??"]

1. e4 c5 2. Nf3 Nc6 3. Bb5 d6 4. O-O Bd7 5. Re1 Nf6 6. c3 a6 7. Bc4 Bg4 8. d4
cxd4 9. cxd4 Bxf3 10. gxf3 e5 11. d5 Nd4 12. Be3 Nh5 13. f4 Qh4 14. fxe5 dxe5
15. Bxd4 exd4 16. e5 O-O-O 17. d6 Kb8 18. Qf3 f6 19. Bxa6 bxa6 20. Qb3+ Ka8 21.
Qd5+ Kb8 22. Qb3+ Ka8 23. Qd5+ Kb8 24. Qb3+ 1/2-1/2

[Event "BL 1617 SG Trier - SV Hockenheim"]
[Site "?"]
[Date "2016.11.19"]
[Round "3.4"]
[White "Haslinger, Stewart G"]
[Black "Wagner, Dennis"]
[Result "0-1"]
[WhiteElo "2521"]
[BlackElo "2547"]
[PlyCount "126"]
[EventDate "2016.??.??"]

1. e4 e5 2. Nf3 Nc6 3. Bc4 Bc5 4. c3 Nf6 5. d3 a6 6. Nbd2 O-O 7. O-O d6 8. Bb3
Ba7 9. h3 h6 10. Re1 Be6 11. Nf1 d5 12. exd5 Nxd5 13. N1h2 Qd6 14. Ng4 Bxg4 15.
hxg4 Nf6 16. Nh4 Rad8 17. d4 exd4 18. Nf5 Qd7 19. Qf3 Nh7 20. Bf4 d3 21. Rad1
Rfe8 22. Rxe8+ Qxe8 23. Bxh6 Ne5 24. Qxb7 Bxf2+ 25. Kxf2 Nxg4+ 26. Kg3 Qe5+ 27.
Bf4 Qxf5 28. Qxc7 Rf8 29. Bc4 Ngf6 30. Kf2 g5 31. Bxd3 Qxf4+ 32. Qxf4 gxf4 33.
Kf3 a5 34. Kxf4 Rb8 35. Rd2 Nf8 36. Bc4 Kg7 37. Re2 Rc8 38. Bb3 Ng6+ 39. Kf3
Rc5 40. g3 Rf5+ 41. Kg2 Rg5 42. Re3 Nh4+ 43. Kh3 Nf5 44. Rf3 Rh5+ 45. Kg2 Ng4
46. Kg1 Ne5 47. Rf2 Nxg3 48. Rg2 Rg5 49. Kh2 Nf1+ 50. Kg1 Rxg2+ 51. Kxg2 Ne3+
52. Kg3 N3c4 53. Kf4 Nd3+ 54. Ke4 Ndxb2 55. Kd4 Na3 56. Kc5 f5 57. Bd5 Kf6 58.
Kb6 Ke5 59. Bb7 Nbc4+ 60. Kc5 Kf4 61. Kd4 Kg3 62. Kd3 f4 63. Ke2 Ne5 0-1

[Event "BL 1617 SG Trier - SV Hockenheim"]
[Site "?"]
[Date "2016.11.19"]
[Round "3.5"]
[White "Moiseenko, Alexander"]
[Black "Cyborowski, Lukasz"]
[Result "1/2-1/2"]
[WhiteElo "2650"]
[BlackElo "2524"]
[PlyCount "57"]
[EventDate "2016.??.??"]

1. d4 Nf6 2. c4 e6 3. Nc3 d5 4. cxd5 exd5 5. Bg5 c6 6. e3 Bf5 7. Qf3 Bg6 8.
Bxf6 Qxf6 9. Qxf6 gxf6 10. Nf3 Nd7 11. Nh4 Be7 12. Ne2 f5 13. g3 Bxh4 14. gxh4
Ke7 15. Nf4 h6 16. b4 Nf8 17. Rg1 Kf6 18. h5 Bh7 19. Nd3 Ne6 20. f4 a5 21. b5
cxb5 22. Bg2 Rhg8 23. Kd2 Rad8 24. a3 Ke7 25. Bf3 Rxg1 26. Rxg1 Nc7 27. Rc1 Kd6
28. Nc5 Rb8 29. Rg1 1/2-1/2

[Event "BL 1617 SG Trier - SV Hockenheim"]
[Site "?"]
[Date "2016.11.19"]
[Round "3.6"]
[White "Jaracz, Pawel"]
[Black "Banusz, Tamas"]
[Result "1/2-1/2"]
[WhiteElo "2471"]
[BlackElo "2616"]
[PlyCount "43"]
[EventDate "2016.??.??"]

1. e4 e5 2. Nf3 Nc6 3. Bb5 a6 4. Ba4 Nf6 5. d3 d6 6. c3 g6 7. O-O Bg7 8. Re1
O-O 9. h3 Nd7 10. d4 Nb6 11. Bb3 h6 12. a4 a5 13. Be3 exd4 14. Nxd4 Nxd4 15.
Bxd4 Nd7 16. Nd2 Ne5 17. Nf3 Qe7 18. Nxe5 dxe5 19. Be3 Rd8 20. Qe2 Be6 21. Bxe6
Qxe6 22. Qb5 1/2-1/2

[Event "BL 1617 SG Trier - SV Hockenheim"]
[Site "?"]
[Date "2016.11.19"]
[Round "3.7"]
[White "Baramidze, David"]
[Black "Seger, Ruediger"]
[Result "1-0"]
[WhiteElo "2601"]
[BlackElo "2363"]
[PlyCount "57"]
[EventDate "2016.??.??"]

1. d4 Nf6 2. c4 g6 3. Nc3 d5 4. cxd5 Nxd5 5. e4 Nxc3 6. bxc3 Bg7 7. Nf3 c5 8.
Be3 Qa5 9. Qd2 Nc6 10. Rb1 cxd4 11. cxd4 Qxd2+ 12. Kxd2 O-O 13. d5 Rd8 14. Bd3
Na5 15. Ke2 h6 16. Bf4 b6 17. Bc7 Rf8 18. Bb5 Bb7 19. Rhd1 Rac8 20. Rbc1 Bb2
21. Rc2 Ba3 22. e5 Bc6 23. dxc6 Rxc7 24. Rd7 Rfc8 25. e6 a6 26. exf7+ Kxf7 27.
Bxa6 Rxd7 28. Ne5+ Ke6 29. Bxc8 1-0

[Event "BL 1617 SG Trier - SV Hockenheim"]
[Site "?"]
[Date "2016.11.19"]
[Round "3.8"]
[White "Kolbus, Dietmar"]
[Black "Braun, Arik"]
[Result "1/2-1/2"]
[WhiteElo "2298"]
[BlackElo "2579"]
[PlyCount "88"]
[EventDate "2016.??.??"]

1. Nf3 Nf6 2. g3 d5 3. Bg2 c5 4. O-O e6 5. d4 cxd4 6. Nxd4 e5 7. Nb3 Be6 8. c4
Nc6 9. cxd5 Nxd5 10. Nc3 Nxc3 11. Qxd8+ Nxd8 12. bxc3 Rc8 13. Bb2 Be7 14. Rfd1
f6 15. Bd5 Bxd5 16. Rxd5 Ne6 17. Rad1 Kf7 18. Rd7 Rhd8 19. Ba3 Rxd7 20. Rxd7
Rc7 21. Rxc7 Nxc7 22. Bb2 Ke6 23. e4 Kd7 24. Kf1 Kc6 25. Ke2 Kb5 26. Kd3 Ne6
27. Bc1 Bd6 28. f3 h5 29. h3 b6 30. g4 h4 31. Be3 Ka4 32. Kc2 Kb5 33. Kd3 Bc5
34. Bd2 Bg1 35. Nc1 Nc5+ 36. Kc2 Kc4 37. g5 Bf2 38. gxf6 gxf6 39. Bh6 Ne6 40.
Nd3 Bg3 41. Be3 Bf4 42. Bf2 Bg3 43. Be3 Bf4 44. Bf2 Bg3 1/2-1/2

[Event "BL 1617 DJK Aachen - SV Griesheim"]
[Site "?"]
[Date "2016.11.19"]
[Round "3.1"]
[White "Krassowizkij, Jaroslaw"]
[Black "van Foreest, Jorden"]
[Result "0-1"]
[WhiteElo "2446"]
[BlackElo "2614"]
[PlyCount "50"]
[EventDate "2016.??.??"]

1. d4 d5 2. c4 c6 3. cxd5 cxd5 4. Bf4 Nc6 5. e3 Nf6 6. Nc3 Bg4 7. Qb3 Na5 8.
Qa4+ Bd7 9. Qc2 e6 10. Nf3 Be7 11. Bd3 Nc6 12. a3 Nh5 13. Be5 f6 14. Bf4 g5 15.
Bg3 Nxg3 16. hxg3 h6 17. g4 Qa5 18. O-O Kf8 19. e4 dxe4 20. Bxe4 h5 21. gxh5 g4
22. Nh4 Qxh5 23. g3 f5 24. Bxc6 Bxc6 25. d5 Bxh4 0-1

[Event "BL 1617 DJK Aachen - SV Griesheim"]
[Site "?"]
[Date "2016.11.19"]
[Round "3.2"]
[White "Donchenko, Alexander"]
[Black "Grabarczyk, Miroslaw"]
[Result "1/2-1/2"]
[WhiteElo "2563"]
[BlackElo "2438"]
[PlyCount "83"]
[EventDate "2016.??.??"]

1. d4 d5 2. c4 e6 3. Nf3 Nf6 4. g3 Bb4+ 5. Bd2 Be7 6. Bg2 O-O 7. O-O c6 8. Qc2
b6 9. Bf4 Nbd7 10. Rd1 Bb7 11. Ne5 Nxe5 12. dxe5 Nd7 13. cxd5 cxd5 14. e4 Rc8
15. Nc3 dxe4 16. Bxe4 Bxe4 17. Qxe4 Qc7 18. Nb5 Nc5 19. Qf3 Qb8 20. b4 a6 21.
Nd6 Bxd6 22. exd6 Nd7 23. Rac1 e5 24. Be3 Rxc1 25. Bxc1 Rc8 26. Be3 Rc4 27. a4
Qc8 28. b5 a5 29. h4 h6 30. Qd5 h5 31. Kg2 g6 32. Re1 Kg7 33. Kg1 Kg8 34. Bh6
Rc5 35. Qf3 Rc4 36. Kg2 Kh7 37. Bg5 Kg8 38. Re4 Rc3 39. Re3 Rc4 40. Re4 Rc3 41.
Re3 Rc4 42. Re4 1/2-1/2

[Event "BL 1617 DJK Aachen - SV Griesheim"]
[Site "?"]
[Date "2016.11.19"]
[Round "3.3"]
[White "Tazbir, Marcin"]
[Black "Nijboer, Friso"]
[Result "1/2-1/2"]
[WhiteElo "2523"]
[BlackElo "2550"]
[PlyCount "49"]
[EventDate "2016.??.??"]

1. d4 f5 2. g3 Nf6 3. Bg2 g6 4. Nf3 Bg7 5. O-O O-O 6. b3 d6 7. Bb2 a5 8. c4 a4
9. bxa4 Kh8 10. Nc3 Nc6 11. Qc2 Na5 12. Nd2 c6 13. e3 e5 14. Ba3 exd4 15. exd4
f4 16. Ne2 fxg3 17. hxg3 Bf5 18. Qc3 c5 19. Rfe1 Nc6 20. Nb3 Rxa4 21. Bb2 Nb4
22. Rad1 Nxa2 23. Qd2 Nb4 24. Nf4 Na6 25. dxc5 1/2-1/2

[Event "BL 1617 DJK Aachen - SV Griesheim"]
[Site "?"]
[Date "2016.11.19"]
[Round "3.4"]
[White "Dambacher, Martijn"]
[Black "Jarmula, Lukasz"]
[Result "1/2-1/2"]
[WhiteElo "2479"]
[BlackElo "2467"]
[PlyCount "82"]
[EventDate "2016.??.??"]

1. d4 Nf6 2. c4 c5 3. d5 b5 4. cxb5 a6 5. e3 g6 6. Nc3 Bg7 7. a4 O-O 8. Ra3 Bb7
9. Nf3 axb5 10. Bxb5 e6 11. e4 exd5 12. exd5 Re8+ 13. Be3 Ng4 14. O-O Rxe3 15.
fxe3 Nxe3 16. Qd2 Nxf1 17. Kxf1 Na6 18. Qf4 Nb4 19. Qd6 Bf8 20. Qxd7 Qxd7 21.
Bxd7 Nxd5 22. Nxd5 Bxd5 23. Bb5 c4 24. Re3 Bg7 25. Ne5 Ra5 26. Kf2 Ra7 27. Re2
Rc7 28. Nf3 h6 29. Rd2 Rc5 30. Rc2 Be4 31. Rxc4 Rxc4 32. Bxc4 Bxb2 33. a5 Kf8
34. Ke3 Ba8 35. a6 Ke7 36. Kd3 f5 37. Bg8 Kd6 38. Nh4 Kc5 39. Nxg6 Bxg2 40. Nf4
Be4+ 41. Ke2 Kb6 1/2-1/2

[Event "BL 1617 DJK Aachen - SV Griesheim"]
[Site "?"]
[Date "2016.11.19"]
[Round "3.5"]
[White "Walter, Stefan"]
[Black "Burg, Twan"]
[Result "1/2-1/2"]
[WhiteElo "2406"]
[BlackElo "2500"]
[PlyCount "40"]
[EventDate "2016.??.??"]

1. d4 Nf6 2. c4 e6 3. g3 d5 4. Nf3 Bb4+ 5. Bd2 Be7 6. Bg2 c6 7. Qc2 O-O 8. O-O
Nbd7 9. Bf4 b6 10. Rd1 Ba6 11. Ne5 Rc8 12. cxd5 Nxd5 13. Nc3 Nxe5 14. Bxe5 Nxc3
15. bxc3 Bc4 16. Be4 h6 17. Bh7+ Kh8 18. Bd3 Bxd3 19. Qxd3 Bf6 20. Bxf6 Qxf6
1/2-1/2

[Event "BL 1617 DJK Aachen - SV Griesheim"]
[Site "?"]
[Date "2016.11.19"]
[Round "3.6"]
[White "Zaragatski, Ilja"]
[Black "Grimm, Julius"]
[Result "1-0"]
[WhiteElo "2502"]
[BlackElo "2288"]
[PlyCount "65"]
[EventDate "2016.??.??"]

1. Nf3 d5 2. g3 Nf6 3. Bg2 Bf5 4. c4 c6 5. Qb3 Qc8 6. cxd5 cxd5 7. Nc3 e6 8. d3
Be7 9. Bf4 Nc6 10. Rc1 O-O 11. O-O Qd7 12. e4 Bg4 13. Ne5 Nxe5 14. Bxe5 dxe4
15. dxe4 Rac8 16. h3 Bh5 17. g4 Bg6 18. Rfd1 Qe8 19. Qxb7 Bc5 20. Bf1 Qc6 21.
Qxc6 Rxc6 22. Na4 Nxe4 23. Nxc5 Rxc5 24. Rxc5 Nxc5 25. b4 Ne4 26. Rd7 f6 27.
Bf4 Rf7 28. Rd8+ Rf8 29. Rxf8+ Kxf8 30. Be3 Nc3 31. Bxa7 Ke7 32. Bc5+ Kd8 33.
Bc4 1-0